000 005070000a22001570004500
090 _aAR
_b04614
100 1 _aRico Gray, Victor
_994796
700 1 _aBarber, John T.
_998728
700 1 _aThien, Leonard B.
_994777
700 1 _aEllgaard, Erik G.
_998729
700 1 _aToney, Jeffrey J.
_998730
245 1 0 _aUnusual animal-plant interaction
_sfeeding of schomburgkia tibicinis (Orchidaceae) by ants
041 0 _aInglés
942 _cARTICULO
773 1 _tAmerican Journal of Botany
_h4
_q603-608 p.
_d1989
_g76
999 _c13714
_d13714